|
|
|
|
| LEADER |
00000nab a2200000 a 4500 |
| 001 |
vtls009286491 |
| 003 |
SK-MaSNL |
| 005 |
20260304153058.0 |
| 008 |
250506c2008 xo |||||||||||000 b|slo |
| 015 |
|
|
|a SNBRB2008/04
|2 snkbucl
|
| 035 |
|
|
|a (uuid)abca3e4d-f1bb-4627-91e3-626282658316
|
| 035 |
|
|
|a urn:nbn:sk:snk-abetfg
|
| 035 |
|
|
|a (urnnbn)urn:nbn:sk:snk:ar-0075te
|
| 038 |
|
|
|a SNKBUCL
|
| 040 |
|
|
|a SNKBUCL
|b slo
|c SNKBUCL
|e AACR2
|
| 041 |
0 |
|
|a slo
|
| 044 |
|
|
|a xo
|c SK
|
| 080 |
|
|
|a 639.3
|x (44)
|2 1997
|
| 080 |
|
|
|a 377.35
|x (44)
|2 1997
|
| 100 |
1 |
|
|a Chalupka, Jakub
|4 aut
|9 1475927
|
| 245 |
1 |
0 |
|a Študenti vo Francúzsku
|c Jakub Chalupka
|
| 300 |
|
|
|b Fotogr.
|
| 650 |
0 |
7 |
|a rybárstvo
|2 snkbucl
|9 2776
|
| 650 |
0 |
7 |
|a chov rýb
|2 snkbucl
|9 2768
|
| 650 |
0 |
7 |
|a stredoškolskí študenti
|2 snkbucl
|9 3980
|
| 650 |
0 |
7 |
|a odborná prax
|2 snkbucl
|9 65538
|
| 651 |
|
7 |
|a Francúzsko
|2 snkbucl
|9 15907
|
| 655 |
|
7 |
|a reportáže
|2 snkbucl
|9 28856
|
| 773 |
0 |
|
|t Poľovníctvo a rybárstvo
|g Roč. 60, č. 4 (2008), s. 87-89
|x 0231-8768
|
| 850 |
|
|
|a Slovenská národná knižnica
|
| 852 |
|
|
|a Slovenská národná knižnica
|
| 958 |
|
|
|a article27
|
| 958 |
|
|
|a OND
|
| 958 |
|
|
|a FR
|
| 999 |
|
|
|c 2952384
|d 2954314
|